| 000 | 01460cam a2200469 i 4500 | ||
|---|---|---|---|
| 999 |
_c7128 _d7128 |
||
| 001 | 7128 | ||
| 003 | BD-JhCC | ||
| 005 | 20180206130821.0 | ||
| 008 | 110114t20112011ohu b 001 0 eng | ||
| 020 | _a9781910608814 | ||
| 020 | _a1910608815 | ||
| 020 | _a9781910608807 | ||
| 020 | _a1910608807 | ||
| 020 | _a9781910608760 | ||
| 020 | _a1910608769 | ||
| 020 | _a9781910608791 | ||
| 020 | _a1910608793 | ||
| 020 | _a9781910608784 | ||
| 020 | _a1910608785 | ||
| 035 | _a(BD-JhCC)7128 | ||
| 040 |
_aDLC _erda _cDLC _dANL _dBD-JhCC |
||
| 041 | _aeng | ||
| 082 | 0 | 4 |
_a025.431 _223 _bDEW 2011 |
| 100 | 1 |
_aDewey, Melvil, _d1851-1931, |
|
| 245 | 1 | 0 |
_aDewey decimal classification and relative index / _cdevised by Melvil Dewey. |
| 246 | 3 | 3 | _aDDC23 |
| 246 | 3 | 3 | _aDDC 23 |
| 250 | _aEdition 23 / | ||
| 260 |
_aDublin, Ohio : _bOCLC Online Computer Library Center, Inc., _c2011 |
||
| 300 |
_a4 volumes ; _c24 cm |
||
| 504 | _aIncludes bibliographical references and index. | ||
| 505 | 0 | _avolume 1. Manual ; Tables -- volume 2. Schedules 000-599 -- volume 3. Schedules 600-999 -- volume 4. Relative index. | |
| 650 | 0 | _aClassification, Dewey decimal. | |
| 700 | 1 | _aMitchell, Joan S. | |
| 700 | 1 |
_aBeall, Julianne, _d1946- |
|
| 700 | 1 |
_aGreen, Rebecca, _d1952- |
|
| 700 | 1 | _aMartin, Giles, | |
| 700 | 1 |
_aPanzer, Michael, _d1974- |
|
| 710 | 2 | _aOCLC. | |
| 942 |
_2ddc _cREF |
||